| 000 | 00615nam a2200205 a 4500 | ||
|---|---|---|---|
| 001 | 1288 | ||
| 003 | CDMR | ||
| 005 | 20131114105627.0 | ||
| 008 | 130130s1991||||||||||||||||||||||||||||d | ||
| 020 | _a067167529X | ||
| 040 |
_aCDMR _bcat _cCDMR |
||
| 100 | 1 |
_aTrotta, Liz _91002 |
|
| 245 | 1 | 0 |
_aFighting for air _b: in the trenches with television news _cLiz Trotta |
| 260 |
_aNew York [etc.] _c1991 _bSimon & Schuster |
||
| 300 |
_a395 p ; _c24 cm |
||
| 600 | 1 |
_91002 _aTrotta, Liz |
|
| 650 | 0 | 4 |
_aCorresponsals de guerra _93678 _vRelats personals |
| 650 | 0 | 4 |
_aTelevisió _zEstats Units d'Amèrica _91004 |
| 942 |
_cMON _2udc |
||
| 999 |
_c1288 _d1288 |
||